Football Quiz par lettre - T - Statistiques

Statistiques générales
  • Ce quiz a été pris 1 182 fois
  • Le résultat moyen est 13 sur 15
Statistiques - réponses
Hint Réponse % Correct
Ville italienne du Piémont comportant 2 équipes en Serie A Turin
97%
Club emblématique d'Harry Kane Tottenham
96%
Emission dédiée au foot, retransmise chaque dimanche matin à 11h sur TF1 Téléfoot
94%
Changement de club d'un footballeur professionnel, souvent lié à une somme d'argent Transfert
94%
Prénom du meilleur buteur de l'histoire d'Arsenal Thierry
92%
Nationalité de Petr Cech Tchèque
90%
Trois buts marqué par le même joueur (joueuse) Triplé
90%
Entraîneur de Chelsea lors de leur victoire en LDC en 2021 Tuchel
88%
Style de jeu caractéristique, popularisé par le Barça de Guardiola Tiki Taka
87%
Buteur du "but en or" lors de la finale de l'Euro 2000 Trezeguet
87%
Joueur auteur d'un doublé lors de France-Croatie en Coupe du Monde 1998 Thuram
81%
Epreuve redoutée après les prolongations Tirs au but
79%
Attaquant argentin ayant évolué à Manchester City et United Tevez
72%
Club embématique du milieu français Benjamin Nivet Troyes
61%
Surnom en français d'Old Trafford, stade de Manchester United Théâtre des rêves
44%
Aucun quiz correspondant
Distribution des résultats
% des personnes avec chaque résultat
Percentile par nombre de réponses
Votre historique - résultats
Vous n’avez pas pris ce quiz